Central Library OPAC University of Rajshahi

Landmarks in French literature / (Record no. 22387)

MARC details
000 -LEADER
fixed length control field 00970cam a2200301 a 4500
001 - CONTROL NUMBER
control field 22387
003 - CONTROL NUMBER IDENTIFIER
rucl marc code BD-RjUL
005 - DATE AND TIME OF LATEST TRANSACTION
control field 20211209000812.0
008 - FIXED-LENGTH DATA ELEMENTS--GENERAL INFORMATION
fixed length control field 140308s1951 enk b 001 0 eng d
035 ## - SYSTEM CONTROL NUMBER
System control number (BD-RjUL)22452
040 ## - CATALOGING SOURCE
Original cataloging agency DLC
Transcribing agency HEI
Modifying agency m.c
-- BD-RjUL
-- EQO
Language of cataloging eng
041 ## - LANGUAGE CODE
Language code of text/sound track or separate title eng
082 ## - DEWEY DECIMAL CLASSIFICATION NUMBER
Classification number 840.8036
Author mark and year STL 1951
099 ## - LOCAL FREE-TEXT CALL NUMBER (OCLC)
Bangla Class number *ML F - 7 - B2
100 1# - MAIN ENTRY--PERSONAL NAME
Personal name Strachey, Lytton,
Dates associated with a name 1880-1932.
9 (RLIN) 64260
245 10 - TITLE STATEMENT
Title Landmarks in French literature /
Statement of responsibility, etc. by G.L. Strachey
260 ## - PUBLICATION, DISTRIBUTION, ETC. (IMPRINT)
Place of publication, distribution, etc. London ;
-- New York :
Name of publisher, distributor, etc. Oxford Unversity Press,
Date of publication, distribution, etc. 1912 [Reprinted 1951].
300 ## - PHYSICAL DESCRIPTION
Pagination 192 p. ;
Size 18 cm
490 1# - SERIES STATEMENT
Series statement Home university library of modern knowledge ;
Volume/sequential designation no. 31
500 ## - GENERAL NOTE
General note Includes index.
504 ## - BIBLIOGRAPHY, ETC. NOTE
Bibliography, etc "Bibliographical note": p. 253
650 #0 - SUBJECT ADDED ENTRY--TOPICAL TERM
Topical term or geographic name as entry element French literature
General subdivision History and criticism
9 (RLIN) 64261
830 #0 - SERIES ADDED ENTRY--UNIFORM TITLE
Volume number/sequential designation no. 31
Uniform title Home university library of modern knowledge ;
942 ## - ADDED ENTRY ELEMENTS (KOHA)
Source of classification or shelving scheme Dewey Decimal Classification
Koha item type Books
Holdings
Lost status Source of classification or shelving scheme Damaged status Not for loan Collection code Permanent Location Current Location Shelving location Date acquired Source of acquisition Cost, normal purchase price Total Checkouts Full call number Date last seen Copy number Koha item type
  Dewey Decimal Classification   Added to bundle Fiction Central Library, University of Rajshahi Central Library, University of Rajshahi Reading Room 22/01/1956 M.B.P. Dacca 3.00   840.8036 STL 1951 08/03/2014 C-1 Books